<?xml version="1.0" encoding="UTF-8"?><?xml-stylesheet type="text/xsl" href="static/style.xsl"?><OAI-PMH xmlns="http://www.openarchives.org/OAI/2.0/" xmlns:xsi="http://www.w3.org/2001/XMLSchema-instance" xsi:schemaLocation="http://www.openarchives.org/OAI/2.0/ http://www.openarchives.org/OAI/2.0/OAI-PMH.xsd"><responseDate>2026-04-27T14:12:18Z</responseDate><request verb="GetRecord" identifier="oai:riubu.ubu.es:10259/11249" metadataPrefix="marc">https://riubu.ubu.es/oai/request</request><GetRecord><record><header><identifier>oai:riubu.ubu.es:10259/11249</identifier><datestamp>2026-01-21T09:40:51Z</datestamp><setSpec>com_10259_11203</setSpec><setSpec>com_10259_5086</setSpec><setSpec>com_10259_2604</setSpec><setSpec>col_10259_11250</setSpec></header><metadata><record xmlns="http://www.loc.gov/MARC21/slim" xmlns:doc="http://www.lyncode.com/xoai" xmlns:xsi="http://www.w3.org/2001/XMLSchema-instance" xmlns:dcterms="http://purl.org/dc/terms/" xsi:schemaLocation="http://www.loc.gov/MARC21/slim http://www.loc.gov/standards/marcxml/schema/MARC21slim.xsd">
<leader>00925njm 22002777a 4500</leader>
<datafield tag="042" ind1=" " ind2=" ">
<subfield code="a">dc</subfield>
</datafield>
<datafield tag="720" ind1=" " ind2=" ">
<subfield code="a">Arroyo Sanz, Raquel</subfield>
<subfield code="e">author</subfield>
</datafield>
<datafield tag="720" ind1=" " ind2=" ">
<subfield code="a">Alameda Cuenca-Romero, Lourdes</subfield>
<subfield code="e">author</subfield>
</datafield>
<datafield tag="720" ind1=" " ind2=" ">
<subfield code="a">Alonso Díez, Álvaro</subfield>
<subfield code="e">author</subfield>
</datafield>
<datafield tag="720" ind1=" " ind2=" ">
<subfield code="a">González Moreno, Sara</subfield>
<subfield code="e">author</subfield>
</datafield>
<datafield tag="720" ind1=" " ind2=" ">
<subfield code="a">Calderón Carpintero, Verónica</subfield>
<subfield code="e">author</subfield>
</datafield>
<datafield tag="720" ind1=" " ind2=" ">
<subfield code="a">Gutiérrez González, Sara</subfield>
<subfield code="e">author</subfield>
</datafield>
<datafield tag="720" ind1=" " ind2=" ">
<subfield code="a">Rodríguez Sáiz, Ángel</subfield>
<subfield code="e">author</subfield>
</datafield>
<datafield tag="260" ind1=" " ind2=" ">
<subfield code="c">2021</subfield>
</datafield>
<datafield tag="520" ind1=" " ind2=" ">
<subfield code="a">In accordance with the European politics of reducing the amount of plastics and polymers sited in landfills, the inclusion of compounds such as roof wastes as recycled and reusable materials to replace variable amounts of aggregates is interesting in the production of new construction materials due to their physical and chemical behaviour. Mortars made with Portland cement, sand, water and grinded roof wastes from the automobile industry that replace in different amounts part or all of the aggregates are examined in this study. To try to avoid the mechanical resistance limitation due to the use of roof wastes, the chemical properties of the binders have been modified with non-ionic surfactants that changed the effect on the hydration of the clinker. This variation produces an important change in the mechanical resistance to achieve recycled structural materials with a low density compared to conventional light mortars. In addition, these additives improve other properties including workability, compaction of the matrix, prevent the disintegration of the particles and help to improve the mechanical properties, ductility, thermal resistance and durability against fire to reinforce the materials. These ecomortars have a lower thermal conductivity as more quantity of roof wastes are incorporated, which greatly favours the thermal insulation of the final envelope, as well as a good behaviour against temperature, measured in terms of thermogravimetry and non-combustibility test. With these results, we can consider the use of roof wastes as a sustainable alternative to the materials currently used and then with them we can be able to contribute to a more ecological business model in the building sector.</subfield>
</datafield>
<datafield tag="024" ind2=" " ind1="8">
<subfield code="a">978-1-78466-437-4</subfield>
</datafield>
<datafield tag="024" ind2=" " ind1="8">
<subfield code="a">https://hdl.handle.net/10259/11249</subfield>
</datafield>
<datafield tag="024" ind2=" " ind1="8">
<subfield code="a">10.2495/MC210101</subfield>
</datafield>
<datafield ind1=" " ind2=" " tag="653">
<subfield code="a">Fire resistance</subfield>
</datafield>
<datafield ind1=" " ind2=" " tag="653">
<subfield code="a">Lightweight prefabricated</subfield>
</datafield>
<datafield ind1=" " ind2=" " tag="653">
<subfield code="a">Polyurethane</subfield>
</datafield>
<datafield ind1=" " ind2=" " tag="653">
<subfield code="a">Recycled ceiling</subfield>
</datafield>
<datafield tag="245" ind1="0" ind2="0">
<subfield code="a">Thermal and fire behaviour of cement blocks with recycled roof wastes</subfield>
</datafield>
</record></metadata></record></GetRecord></OAI-PMH>